[Event "DOM-ch U20"]
[Site "Santo Domingo"]
[Date "2018.11.03"]
[Round "4"]
[White "Marte Adames, Jonathan"]
[Black "Peralta Maxuel, Victor Ernesto"]
[Result "1-0"]
[WhiteElo "1739"]
[BlackElo "1386"]
[PlyCount "67"]
[EventDate "2018.11.02"]
[EventType "swiss"]
[EventRounds "8"]
[EventCountry "DOM"]
[SourceTitle "EXT 2021"]
[Source "ChessBase"]
[SourceDate "2020.10.23"]
[SourceVersion "1"]
[SourceVersionDate "2020.10.23"]
[SourceQuality "1"]

1. c4 c5 2. Nc3 a6 3. g3 Nf6 4. Bg2 e6 5. e4 Qc7 6. d3 Be7 7. Nge2 d6 8. 0-0 0-0 9. a3 Nbd7 10. b4 cxb4 11. axb4 Rb8 12. b5 a5 13. h3 b6 14. Be3 Bb7 15. f4 Rfc8 16. Nd4 d5 17. exd5 exd5 18. Nxd5 Nxd5 19. cxd5 Bc5 20. Rc1 Nf6 21. Qb3 Qd7 22. Kh2 Bxd5 23. Bxd5 Nxd5 24. Bf2 Bxd4 25. Bxd4 Nc7 26. Bb2 Qxb5 27. Qc3 f6 28. Rfe1 Rd8 29. Ba1 Na6 30. Re7 Rd7 31. Qc8+ Rd8 32. Qe6+ Kh8 33. Qf7 Rg8 34. Bxf6 1-0